| 000 | 00426nam a22001697a 4500 | ||
|---|---|---|---|
| 003 | NUST - PNEC | ||
| 005 | 20170116181116.0 | ||
| 008 | 151004b xxu||||| |||| 00| 0 eng d | ||
| 020 | _a- | ||
| 040 | _cLIBRARY | ||
| 082 | _a9574.9 MAU | ||
| 100 |
_913200 _aMudodi, Syed abu Ali |
||
| 245 | _aTehreek e azadi e hind aur musalman | ||
| 260 | _cc.1981 | ||
| 650 |
_913201 _aUrdu literature _xGeneral books |
||
| 942 |
_2ddc _cBK |
||
| 999 |
_c69324 _d69324 |
||